000 00695nam a22002172 4500
001 0000003026
005 20151217154336.0
008 070426s xx 000 0 eng d
020 _a0761992537 :
_cKES 830
040 _aKABU
_cKABU
050 0 _aHG4026
_b.V57 2000
100 1 _aVishwanath, S. R.,
_d1971-.
_@0000152592
245 1 0 _aCorporate finance :
_btheory and practice /
_cVishwanath S. R.
260 _aNew Delhi :
_bResponse Books,
_c2000.
300 _a515 p. ;
_c24 cm.
504 _aIncludes bibliographical references and index.
650 0 _aCorporations
_xFinance.
_@0000007704
908 _a070426
950 _@1
999 _c10638
_d10638